000 00701nam a22002057a 4500
999 _c160206
_d160206
006 a|||||f|||| 00| 0
007 tc
008 180713b xxu|||||f|||| 00| 0 eng d
010 _aB-058403-B-058527
020 _c1500.00(full set)
035 _aB-058403
037 _bA.I.C.B.
082 _a483.8
245 _aConcise Oxford Dictionary
260 _aNew Delhi
_bA.I.C.B.
_cN.D.
270 _aSector-5, Rohini,
_bNew Delhi
_e110085
_k011-27054082
300 _a125V., various pages
_c30cm(HB)
942 _2ddc
_cBRLEN
_h483.8
_mCON